Countries Most Similar To Zimbabwe - Statistics

General Stats
  • This quiz has been taken 39 times
  • The average score is 15 of 20
Answer Stats
Rank Country Score % Correct
9 Mozambique 73.6
96%
17 South Africa 69
96%
6 Botswana 76.1
92%
5 Kenya 76.2
92%
1 Zambia 82.8
92%
2 Eswatini 78.5
88%
8 Lesotho 74.4
88%
14 Angola 70.6
85%
12 Namibia 71.9
85%
13 Rwanda 71.6
85%
3 Malawi 77.6
81%
4 Tanzania 76.8
81%
7 Uganda 76
77%
20 Burundi 68.6
69%
19 DRC 68.7
69%
11 Nigeria 72.3
62%
16 Cameroon 69.3
50%
10 Ghana 73.2
46%
15 South Sudan 69.7
46%
18 Liberia 68.9
38%
No matching quizzes found
Score Distribution
Percent of People with Each Score
Percentile by Number Answered
Your Score History
You have not taken this quiz